000 01524nam a2200505 a 4500
003 PE-LiUPU
005 20250731170502.0
007 t
008 100226s1986 mex g 00010 spa
020 _a0673050505
040 _bspa
_cPE-LiUPU
_dPE-LiUPU
_erda
082 0 4 _a153.15
_220
_bP485a
100 0 _aPeterson, Lloyd R.
_eautor.
245 1 0 _aAprendizaje /
_cLloyd R. Peterson.
250 _aPrimera
264 _aMéxico :
_bTrillas,
_c1983.
300 _a182 páginas :
_bIlustrado ;
_c23 centímetros.
504 _aReferencias bibliográficas de la página 165 a la 174.
505 _aCondicionamiento clásico -- Condicionamiento instrumental -- El concepto de reforzamiento -- Aprendiendo a discriminar -- Aprendizaje verbal -- Retención -- Ejecución habilidosa -- Pensamiento -- Interpretaciones del aprendizaje.
526 _aSEG68
526 _aSEG70
526 _aSEG69
526 _aSEG67
526 _aSEG43
526 _aP144
526 _aP143
526 _aP131
526 _aP122
526 _aP120
526 _aP117
526 _aP112
526 _aP110
526 _aP106
526 _aP101
526 _aP80
526 _aP59
526 _aP54
526 _aP35
526 _aP33
526 _aP30
650 _aPsicología del aprendizaje.
_9227
942 _2ddc
_cBK
_n0
999 _c61786
_d61786
980 _623148
_aAnálisis Documental EVILA ACOSTA
_81
_gALBERTO SANCHEZ Responsable de Automatización